[Event "Edmonton int."]
[Site "Edmonton CAN"]
[Date "2014.06.23"]
[Round "3.5"]
[White "Wang, Richard"]
[Black "Krush, Irina"]
[Result "1/2-1/2"]
[WhiteElo "2365"]
[BlackElo "2484"]
[PlyCount "101"]
[GameId "2160767909094876"]
[EventDate "2014.06.21"]
[EventType "tourn"]
[EventRounds "9"]
[EventCountry "CAN"]
[EventCategory "10"]

1. d4 Nf6 2. Nf3 e6 3. e3 b6 4. Bd3 Bb7 5. O-O d5 6. b3 Bd6 7. Bb2 O-O 8. c4 Nbd7 9. Nc3 a6 10. Rc1 Qe7 11. Ne2 dxc4 12. bxc4 Bxf3 13. gxf3 c5 14. d5 exd5 15. cxd5 Be5 16. Ba3 Rfd8 17. Qb3 Bc7 18. f4 Nf8 19. Ng3 Ng6 20. Bb2 Nh4 21. Rcd1 b5 22. Nf5 Nxf5 23. Bxf5 c4 24. Qc3 Qc5 25. Qc2 Nxd5 26. Bxh7+ Kf8 27. Bd4 Qe7 28. Be4 Nb4 29. Qb1 Rab8 30. a3 Nd3 31. Bxd3 cxd3 32. Qxd3 Qe6 33. f5 Qh6 34. f4 Bb6 35. Qe4 Bxd4 36. Rxd4 Rxd4 37. Qxd4 Rc8 38. Qd7 Qc6 39. Qxc6 Rxc6 40. Kf2 Rc2+ 41. Kf3 Ra2 42. Rc1 Rxa3 43. Ke4 b4 44. Rc8+ Ke7 45. Rc7+ Ke8 46. Rb7 a5 47. h4 Kf8 48. Rb8+ Ke7 49. Rb7+ Kf8 50. Rb8+ Ke7 51. Rb7+ 1/2-1/2

[Event "Edmonton int."]
[Site "Edmonton CAN"]
[Date "2014.06.24"]
[Round "4"]
[White "Haessel, Dale"]
[Black "Wang, Richard"]
[Result "0-1"]
[WhiteElo "2168"]
[BlackElo "2365"]
[PlyCount "86"]
[GameId "2160767909094877"]
[EventDate "2014.06.21"]
[EventType "tourn"]
[EventRounds "9"]
[EventCountry "CAN"]
[EventCategory "10"]
[SourceTitle "CBM 161 Extra"]
[Source "ChessBase"]
[SourceDate "2014.08.29"]
[SourceVersion "1"]
[SourceVersionDate "2014.08.29"]
[SourceQuality "1"]

1. Nf3 d5 2. d4 Nf6 3. c4 c6 4. e3 Bg4 5. Nc3 e6 6. h3 Bxf3 7. gxf3 Nbd7 8. b3 Bb4 9. Bb2 dxc4 10. Bxc4 e5 11. a3 Bd6 12. Rg1 g6 13. dxe5 Nxe5 14. Be2 Qe7 15. Qd4 O-O-O 16. Qxa7 Qe6 17. O-O-O Bb8 18. Qa4 Qxh3 19. f4 Ned7 20. Ne4 Nxe4 21. Qxe4 Rhe8 22. Qxe8 Rxe8 23. Bg4 Qh4 24. Bxd7+ Kd8 25. Bxc6+ Ke7 26. Bxe8 Kxe8 27. Rd2 Qe7 28. Rc2 Bd6 29. Rd1 f5 30. Rc8+ Kf7 31. b4 Ke6 32. Rg8 Qc7+ 33. Kb1 Qc4 34. Rd8 Be7 35. R8d2 Qe4+ 36. Ka1 h5 37. Rg1 Kf7 38. Be5 h4 39. Rc1 h3 40. Rdd1 h2 41. Kb2 Qg2 42. Rf1 Bh4 43. Bd4 Bxf2 0-1

[Event "Edmonton int."]
[Site "Edmonton CAN"]
[Date "2014.06.25"]
[Round "5.3"]
[White "Wang, Richard"]
[Black "Kovalyov, Anton"]
[Result "0-1"]
[WhiteElo "2365"]
[BlackElo "2636"]
[PlyCount "131"]
[GameId "2160767909094885"]
[EventDate "2014.06.21"]
[EventType "tourn"]
[EventRounds "9"]
[EventCountry "CAN"]
[EventCategory "10"]

1. d4 Nf6 2. Nf3 b6 3. Bg5 e6 4. e4 h6 5. Bxf6 Qxf6 6. Nc3 Bb7 7. Bd3 d6 8. Qe2 a6 9. O-O Nd7 10. a4 g6 11. Qe3 Bg7 12. Rfe1 Qd8 13. Ne2 O-O 14. c3 e5 15. dxe5 dxe5 16. Ng3 Qe7 17. h4 Nc5 18. Bc4 Kh8 19. h5 a5 20. Bd5 c6 21. Bc4 Bc8 22. Nd2 f5 23. exf5 gxf5 24. f4 Qh4 25. Rf1 Bd7 26. Nb3 Nxb3 27. Bxb3 Rae8 28. Rad1 Bc8 29. Rd6 Ba6 30. Rf3 exf4 31. Qxf4 Re1+ 32. Nf1 Qxf4 33. Rxf4 Rb1 34. Bc2 Rc1 35. Bb3 Rb1 36. Bc2 Rc1 37. Bb3 Re8 38. Rxf5 Rf8 39. Rxf8+ Bxf8 40. Rf6 Bc5+ 41. Kh2 Rxf1 42. Rxh6+ Kg7 43. Rg6+ Kh7 44. Bc2 Rf2 45. Be4 Kh8 46. Rh6+ Kg7 47. Rg6+ Kf7 48. Rxc6 Rf4 49. Bd5+ Kf8 50. Kg3 Rxa4 51. h6 Bd3 52. Rf6+ Ke7 53. Rf7+ Kd6 54. h7 Bxh7 55. Bb3 Bg8 56. Rf6+ Ke5 57. Rxb6 Bxb3 58. Rxb3 Kd5 59. Rb7 Kc6 60. Rf7 Ra2 61. b4 Bd6+ 62. Kf3 a4 63. Ra7 Kb5 64. g4 Ra3 65. Ra5+ Kc4 66. Ke4 0-1

[Event "Edmonton int."]
[Site "Edmonton CAN"]
[Date "2014.06.26"]
[Round "6"]
[White "Wang, Richard"]
[Black "Shankland, Sam"]
[Result "1-0"]
[WhiteElo "2365"]
[BlackElo "2632"]
[PlyCount "73"]
[GameId "2160767909094888"]
[EventDate "2014.06.21"]
[EventType "tourn"]
[EventRounds "9"]
[EventCountry "CAN"]
[EventCategory "10"]
[SourceTitle "CBM 161 Extra"]
[Source "ChessBase"]
[SourceDate "2014.08.29"]
[SourceVersion "1"]
[SourceVersionDate "2014.08.29"]
[SourceQuality "1"]

1. d4 Nf6 2. Nf3 e6 3. e3 b6 4. Bd3 Bb7 5. O-O d5 6. b3 Be7 7. Bb2 O-O 8. Ne5 Nbd7 9. Nd2 c5 10. f4 cxd4 11. exd4 Ne4 12. Nxe4 dxe4 13. Bc4 Bd5 14. Qe2 f5 15. Rad1 Qc7 16. Ba6 Rad8 17. c4 Ba8 18. a3 Bf6 19. b4 Nb8 20. Bb5 Bc6 21. Nxc6 Nxc6 22. d5 Bxb2 23. Qxb2 exd5 24. cxd5 Ne7 25. Qd4 Qd6 26. Bc4 Rc8 27. Bb3 Ng6 28. g3 Rc7 29. Rc1 Rff7 30. Rfd1 Rxc1 31. Rxc1 Ne7 32. Qe5 Rf6 33. Rc7 Kf8 34. Rxa7 g5 35. Ra8+ Kf7 36. Ra7 Kf8 37. Rd7 1-0

[Event "Edmonton int."]
[Site "Edmonton CAN"]
[Date "2014.06.27"]
[Round "7.5"]
[White "Panjwani, Raja"]
[Black "Wang, Richard"]
[Result "1-0"]
[WhiteElo "2440"]
[BlackElo "2365"]
[PlyCount "53"]
[GameId "2160767909094896"]
[EventDate "2014.06.21"]
[EventType "tourn"]
[EventRounds "9"]
[EventCountry "CAN"]
[EventCategory "10"]

1. d4 d5 2. Nf3 Nf6 3. c4 c6 4. Nc3 dxc4 5. a4 Bf5 6. Nh4 Bg4 7. h3 Bh5 8. g4 Bg6 9. Nxg6 hxg6 10. e4 e5 11. Bxc4 Qxd4 12. Bxf7+ Kxf7 13. Qb3+ Ke8 14. Qxb7 Qb6 15. Qxa8 Nxg4 16. Be3 Nxe3 17. fxe3 Qxe3+ 18. Kd1 Bd6 19. Kc2 Qf2+ 20. Kb1 Qb6 21. a5 Qa6 22. Ra3 Kd7 23. Rb3 Kc8 24. Rd1 Bc7 25. Na4 Rd8 26. Rxb8+ Bxb8 27. Rxd8+ 1-0

[Event "Edmonton int."]
[Site "Edmonton CAN"]
[Date "2014.06.29"]
[Round "9.5"]
[White "Yam, Alex"]
[Black "Wang, Richard"]
[Result "0-1"]
[WhiteElo "2299"]
[BlackElo "2365"]
[PlyCount "50"]
[GameId "2160767909094906"]
[EventDate "2014.06.21"]
[EventType "tourn"]
[EventRounds "9"]
[EventCountry "CAN"]
[EventCategory "10"]

1. e4 e6 2. d4 d5 3. Nc3 Bb4 4. e5 c5 5. Bd2 Ne7 6. Nb5 Bxd2+ 7. Qxd2 O-O 8. dxc5 Nbc6 9. f4 b6 10. cxb6 Qxb6 11. O-O-O Ba6 12. a4 Nf5 13. Bd3 Ne3 14. Re1 Nc4 15. Qc3 Bxb5 16. axb5 Nd4 17. Nf3 Nxb5 18. Qb4 Rfc8 19. Nd2 Rab8 20. Bxc4 dxc4 21. Re4 Qa6 22. Nb1 Qa1 23. c3 a5 24. Qxc4 Rxc4 25. Rxc4 Na3 0-1

[Event "Alberta-ch"]
[Site "Edmonton CAN"]
[Date "2014.04.18"]
[Round "1"]
[White "Gardner, Robert"]
[Black "Wang, Richard"]
[Result "1/2-1/2"]
[WhiteElo "2173"]
[BlackElo "2368"]
[PlyCount "68"]
[GameId "2160767909120259"]
[EventDate "2014.04.18"]
[EventType "tourn"]
[EventRounds "5"]
[EventCountry "CAN"]
[EventCategory "1"]
[SourceTitle "EXT 2016"]
[Source "ChessBase"]
[SourceDate "2015.10.08"]
[SourceVersion "1"]
[SourceVersionDate "2015.10.08"]
[SourceQuality "1"]

1. g3 c5 2. Bg2 Nc6 3. e4 g6 4. d3 Bg7 5. f4 d6 6. Nf3 Nf6 7. O-O Bg4 8. h3 Bxf3 9. Bxf3 O-O 10. c3 Nd7 11. Be3 Rc8 12. Nd2 b5 13. h4 b4 14. Rc1 Qa5 15. Nc4 Qa6 16. h5 Nb6 17. hxg6 hxg6 18. Nxb6 axb6 19. f5 Qxa2 20. fxg6 Ne5 21. gxf7+ Rxf7 22. Be2 Rxf1+ 23. Kxf1 Qxb2 24. d4 Nf7 25. Bc4 cxd4 26. cxd4 d5 27. Bxd5 Rxc1 28. Qxc1 Qxc1+ 29. Bxc1 Bxd4 30. Ke2 Kg7 31. Kd3 Bc3 32. Bf4 Kf6 33. Kc4 e6 34. Bc6 Ne5+ 1/2-1/2

[Event "Alberta-ch"]
[Site "Edmonton CAN"]
[Date "2014.04.19"]
[Round "2"]
[White "Wang, Richard"]
[Black "Haessel, Dale"]
[Result "1-0"]
[WhiteElo "2368"]
[BlackElo "2198"]
[PlyCount "61"]
[GameId "2160767909120263"]
[EventDate "2014.04.18"]
[EventType "tourn"]
[EventRounds "5"]
[EventCountry "CAN"]
[EventCategory "1"]
[SourceTitle "EXT 2016"]
[Source "ChessBase"]
[SourceDate "2015.10.08"]
[SourceVersion "1"]
[SourceVersionDate "2015.10.08"]
[SourceQuality "1"]

1. d4 Nf6 2. Nf3 g6 3. Nc3 d5 4. Bf4 Bg7 5. e3 O-O 6. Be2 c5 7. Ne5 Nc6 8. O-O cxd4 9. exd4 Qb6 10. Nxc6 bxc6 11. Na4 Qa5 12. c3 Nd7 13. b4 Qd8 14. Bg4 Nb6 15. Nc5 Bxg4 16. Qxg4 Nc4 17. Rfe1 Re8 18. Qg3 a5 19. Bc7 Qc8 20. bxa5 e5 21. Bxe5 Nxe5 22. dxe5 Rxa5 23. Nb3 Ra3 24. f4 Qa6 25. f5 Rxa2 26. Rxa2 Qxa2 27. Nd4 c5 28. e6 Qa7 29. Nb5 Qe7 30. Nd6 Bxc3 31. exf7+ 1-0

[Event "Alberta-ch"]
[Site "Edmonton CAN"]
[Date "2014.04.19"]
[Round "3"]
[White "Porper, Edward"]
[Black "Wang, Richard"]
[Result "1/2-1/2"]
[WhiteElo "2438"]
[BlackElo "2368"]
[PlyCount "38"]
[GameId "2160767909120267"]
[EventDate "2014.04.18"]
[EventType "tourn"]
[EventRounds "5"]
[EventCountry "CAN"]
[EventCategory "1"]
[SourceTitle "EXT 2016"]
[Source "ChessBase"]
[SourceDate "2015.10.08"]
[SourceVersion "1"]
[SourceVersionDate "2015.10.08"]
[SourceQuality "1"]

1. Nf3 d5 2. b3 Bg4 3. e3 e5 4. h3 Bxf3 5. Qxf3 Nc6 6. Bb2 Qd6 7. Bb5 Nge7 8. O-O a6 9. Bxc6+ Nxc6 10. Nc3 Rd8 11. Qg3 Qg6 12. Qxg6 hxg6 13. Ne2 d4 14. exd4 exd4 15. Rfe1 Be7 16. Nf4 O-O 17. Nd3 Rfe8 18. Re2 Bd6 19. Rae1 Kf8 1/2-1/2

[Event "Alberta-ch"]
[Site "Edmonton CAN"]
[Date "2014.04.20"]
[Round "4"]
[White "Wang, Richard"]
[Black "Yam, Alex"]
[Result "0-1"]
[WhiteElo "2368"]
[BlackElo "2278"]
[PlyCount "46"]
[GameId "2160767909120270"]
[EventDate "2014.04.18"]
[EventType "tourn"]
[EventRounds "5"]
[EventCountry "CAN"]
[EventCategory "1"]
[SourceTitle "EXT 2016"]
[Source "ChessBase"]
[SourceDate "2015.10.08"]
[SourceVersion "1"]
[SourceVersionDate "2015.10.08"]
[SourceQuality "1"]

1. d4 g6 2. c4 Bg7 3. e4 d6 4. h3 e6 5. Nf3 Ne7 6. Nc3 Nd7 7. Be3 b6 8. Qd2 h6 9. Bd3 Bb7 10. g4 a6 11. a3 c5 12. d5 exd5 13. exd5 b5 14. cxb5 Nxd5 15. bxa6 Bc6 16. Be4 Bxc3 17. bxc3 N7f6 18. Bd3 Nxe3 19. Qxe3+ Kf8 20. O-O Kg7 21. Nd2 h5 22. gxh5 Rxh5 23. f4 Qh8 0-1

[Event "Alberta-ch"]
[Site "Edmonton CAN"]
[Date "2014.04.20"]
[Round "5"]
[White "Ng, Gary"]
[Black "Wang, Richard"]
[Result "0-1"]
[WhiteElo "2140"]
[BlackElo "2368"]
[PlyCount "90"]
[GameId "2160767909120272"]
[EventDate "2014.04.18"]
[EventType "tourn"]
[EventRounds "5"]
[EventCountry "CAN"]
[EventCategory "1"]
[SourceTitle "EXT 2016"]
[Source "ChessBase"]
[SourceDate "2015.10.08"]
[SourceVersion "1"]
[SourceVersionDate "2015.10.08"]
[SourceQuality "1"]

1. b4 c6 2. Bb2 Qb6 3. a3 a5 4. c4 axb4 5. c5 Qc7 6. axb4 Rxa1 7. Bxa1 d6 8. e3 dxc5 9. bxc5 Qa5 10. Nc3 Qxc5 11. Qa4 e5 12. d4 exd4 13. exd4 Qa3 14. Qxa3 Bxa3 15. Bc4 Nf6 16. Nf3 b5 17. Bb3 Be6 18. d5 Nxd5 19. Nxd5 Bxd5 20. Bxd5 cxd5 21. Nd4 b4 22. Nc2 f6 23. Ke2 Ke7 24. Rd1 Rd8 25. Nxa3 bxa3 26. Rd3 Nc6 27. Rxa3 Kd6 28. Rh3 Ra8 29. Bc3 Ra2+ 30. Ke1 h6 31. Rg3 Ra7 32. Bb2 d4 33. Ba3+ Kd5 34. Bf8 g5 35. Bxh6 Ra1+ 36. Kd2 Ne5 37. Bg7 Ra2+ 38. Ke1 Kc4 39. Bxf6 Nd3+ 40. Kd1 Nxf2+ 41. Kc1 Ne4 42. Rf3 Rxg2 43. Be5 d3 44. Rf8 Rg1+ 45. Kb2 d2 0-1

[Event "Northern Alberta op"]
[Site "Edmonton CAN"]
[Date "2014.02.15"]
[Round "1.1"]
[White "Porter, Patrick"]
[Black "Wang, Richard"]
[Result "0-1"]
[WhiteElo "1890"]
[BlackElo "2468"]
[PlyCount "68"]
[GameId "2160767909186875"]
[EventDate "2014.02.15"]
[EventType "swiss"]
[EventRounds "5"]
[EventCountry "CAN"]
[SourceTitle "EXT 2022"]
[Source "ChessBase"]
[SourceDate "2021.10.06"]
[SourceVersion "1"]
[SourceVersionDate "2021.10.06"]
[SourceQuality "1"]

1. e4 c5 2. Nf3 g6 3. d4 cxd4 4. Nxd4 Nc6 5. Nc3 Bg7 6. Be3 Nf6 7. Nxc6 bxc6 8. e5 Ng8 9. Bd4 Qa5 10. Bc4 Bxe5 11. O-O Bf6 12. Re1 d5 13. Bf1 Be6 14. a3 Bxd4 15. Qxd4 Nf6 16. Na4 O-O 17. Nc5 Rae8 18. b4 Qc7 19. Rxe6 fxe6 20. Nxe6 Qd6 21. Nxf8 Rxf8 22. c4 e5 23. Qxa7 e4 24. h3 d4 25. b5 c5 26. b6 e3 27. fxe3 dxe3 28. Qc7 Qd4 29. Rb1 e2+ 30. Kh1 Qd1 31. Rxd1 exd1=Q 32. b7 Nd7 33. Kh2 Nb8 34. Qe5 Qxf1 0-1

[Event "Northern Alberta op"]
[Site "Edmonton CAN"]
[Date "2014.02.15"]
[Round "2.1"]
[White "Wang, Richard"]
[Black "Miller, David"]
[Result "1-0"]
[WhiteElo "2468"]
[BlackElo "2108"]
[PlyCount "139"]
[GameId "2160767909186890"]
[EventDate "2014.02.15"]
[EventType "swiss"]
[EventRounds "5"]
[EventCountry "CAN"]
[SourceTitle "EXT 2022"]
[Source "ChessBase"]
[SourceDate "2021.10.06"]
[SourceVersion "1"]
[SourceVersionDate "2021.10.06"]
[SourceQuality "1"]

1. d4 Nf6 2. Nf3 d6 3. c4 Nbd7 4. Nc3 e5 5. e4 Be7 6. Bg5 c6 7. Be2 O-O 8. O-O Qb6 9. a3 a5 10. c5 Qd8 11. cxd6 Bxd6 12. Qc2 h6 13. Bh4 exd4 14. Nxd4 Qc7 15. Bg3 Bxg3 16. hxg3 Qb6 17. Rad1 Ne5 18. f4 Neg4 19. Rd3 Rd8 20. Na4 Qa7 21. Nc5 Re8 22. Bf3 h5 23. Rfd1 Nd7 24. b4 axb4 25. axb4 Nxc5 26. bxc5 Nf6 27. e5 Nd5 28. Bxd5 cxd5 29. Nb5 Qa5 30. Nd6 Re7 31. Rxd5 Be6 32. R5d4 Rc7 33. Ne4 g6 34. Rd8+ Rxd8 35. Rxd8+ Kg7 36. Qd1 Rc8 37. Rxc8 Bxc8 38. Kh2 Bf5 39. Nd6 Qxc5 40. Nxf5+ gxf5 41. Qxh5 Qc8 42. Qg5+ Kf8 43. Qh6+ Kg8 44. Qg5+ Kf8 45. g4 fxg4 46. f5 Qc4 47. Qd8+ Kg7 48. Kg3 Qe4 49. Qf6+ Kf8 50. e6 Qe3+ 51. Kh4 Qe1+ 52. g3 Qh1+ 53. Kg5 Qc1+ 54. Kxg4 Qc4+ 55. Kf3 Qc6+ 56. Ke3 Qc1+ 57. Kd3 Qd1+ 58. Ke4 Qc2+ 59. Kf4 Qd2+ 60. Kg4 Qe2+ 61. Kg5 Qd2+ 62. Kh5 Qh2+ 63. Qh4 Qe2+ 64. g4 fxe6 65. Qf6+ Ke8 66. fxe6 Qh2+ 67. Kg6 Qd6 68. Kg7 b5 69. Qf7+ Kd8 70. Qf8+ 1-0

[Event "Northern Alberta op"]
[Site "Edmonton CAN"]
[Date "2014.02.15"]
[Round "3.1"]
[White "Haessel, Dale"]
[Black "Wang, Richard"]
[Result "0-1"]
[WhiteElo "2277"]
[BlackElo "2468"]
[PlyCount "58"]
[GameId "2160767909186908"]
[EventDate "2014.02.15"]
[EventType "swiss"]
[EventRounds "5"]
[EventCountry "CAN"]
[SourceTitle "EXT 2022"]
[Source "ChessBase"]
[SourceDate "2021.10.06"]
[SourceVersion "1"]
[SourceVersionDate "2021.10.06"]
[SourceQuality "1"]

1. Nf3 c5 2. c4 Nc6 3. Nc3 e5 4. g3 g6 5. Bg2 Bg7 6. a3 Nge7 7. Rb1 a5 8. O-O O-O 9. Ne1 d6 10. Nc2 a4 11. d3 f5 12. Ne3 Nd4 13. Ned5 Nxd5 14. Bxd5+ Be6 15. Bxe6+ Nxe6 16. Nxa4 f4 17. Nc3 Qd7 18. Nd5 Nd4 19. gxf4 exf4 20. Kh1 f3 21. exf3 Rxf3 22. Bf4 Rf8 23. Bg3 Be5 24. Kg2 h5 25. Qd2 h4 26. Bxe5 dxe5 27. Qg5 Qh3+ 28. Kh1 Rg3 29. Ne7+ Kh7 0-1

[Event "Northern Alberta op"]
[Site "Edmonton CAN"]
[Date "2014.02.16"]
[Round "4.1"]
[White "Wang, Richard"]
[Black "Nguyen, Kim"]
[Result "1/2-1/2"]
[WhiteElo "2468"]
[BlackElo "2081"]
[PlyCount "104"]
[GameId "2160767909186919"]
[EventDate "2014.02.15"]
[EventType "swiss"]
[EventRounds "5"]
[EventCountry "CAN"]
[SourceTitle "EXT 2022"]
[Source "ChessBase"]
[SourceDate "2021.10.06"]
[SourceVersion "1"]
[SourceVersionDate "2021.10.06"]
[SourceQuality "1"]

1. d4 Nf6 2. Nf3 g6 3. c4 Bg7 4. Nc3 d6 5. h3 O-O 6. e4 e5 7. d5 Na6 8. Bg5 h6 9. Be3 Nc5 10. Nd2 a5 11. g4 c6 12. Be2 Bd7 13. h4 a4 14. g5 hxg5 15. hxg5 Nh7 16. Rg1 Qa5 17. Qc2 cxd5 18. Nxd5 Rfe8 19. Qc3 Be6 20. Qxa5 Rxa5 21. O-O-O Nd7 22. Kb1 Nhf8 23. b4 axb3 24. Nxb3 Bxd5 25. Nxa5 Bxe4+ 26. Kb2 Ra8 27. Nb3 Bc6 28. Rxd6 Ne6 29. Rgd1 e4+ 30. Kb1 Ndf8 31. Nc5 Be5 32. R6d2 Nxc5 33. Bxc5 Ne6 34. Be3 Ra4 35. Kc1 Kg7 36. Rg1 Rb4 37. Rg4 Bc3 38. Rc2 Be5 39. c5 Bd5 40. Rd2 Bc6 41. Bd1 Nd4 42. Bxd4 Bxd4 43. Bb3 f5 44. gxf6+ Kxf6 45. Rg3 Bxc5 46. Kc2 Rd4 47. Re2 Bb5 48. Ree3 Bd3+ 49. Rxd3 Rxd3 50. Rxd3 exd3+ 51. Kxd3 Bxf2 52. Bd5 b6 1/2-1/2

[Event "Northern Alberta op"]
[Site "Edmonton CAN"]
[Date "2014.02.16"]
[Round "5.1"]
[White "Wang, Richard"]
[Black "Gluckie, Jamin"]
[Result "1-0"]
[WhiteElo "2468"]
[BlackElo "2177"]
[PlyCount "73"]
[GameId "2160767909186934"]
[EventDate "2014.02.15"]
[EventType "swiss"]
[EventRounds "5"]
[EventCountry "CAN"]
[SourceTitle "EXT 2022"]
[Source "ChessBase"]
[SourceDate "2021.10.06"]
[SourceVersion "1"]
[SourceVersionDate "2021.10.06"]
[SourceQuality "1"]

1. d4 e6 2. Nf3 Nf6 3. e3 b6 4. Bd3 Bb7 5. O-O c5 6. c4 Be7 7. Nc3 cxd4 8. exd4 d5 9. cxd5 Nxd5 10. Bb5+ Bc6 11. a4 O-O 12. Ne5 Bb7 13. Qb3 Nb4 14. Be3 a6 15. Bc4 N8c6 16. Nxf7 Rxf7 17. Bxe6 Qf8 18. Bxf7+ Qxf7 19. Qxf7+ Kxf7 20. d5 Ne5 21. Rad1 Nc4 22. b3 Nxe3 23. fxe3+ Bf6 24. Ne4 Bxd5 25. Nxf6 gxf6 26. e4 Bxb3 27. Rb1 Bxa4 28. Rxb4 Bb5 29. Rf5 Ke6 30. Rb3 Rg8 31. Kf2 Rg4 32. Kf3 Rg8 33. g4 Ke7 34. Rh5 Rg7 35. Rh6 Rf7 36. Kf4 Kd8 37. Rbh3 1-0

[Event "WBX-Tch"]
[Site "Edmonton CAN"]
[Date "2013.12.15"]
[Round "5"]
[White "Nguyen, Kim"]
[Black "Wang, Richard"]
[Result "1-0"]
[WhiteElo "2039"]
[BlackElo "2362"]
[PlyCount "61"]
[GameId "2160767909208159"]
[EventDate "2013.12.14"]
[EventType "team"]
[EventRounds "5"]
[EventCountry "CAN"]

1. e4 c5 2. Nf3 g6 3. Nc3 Bg7 4. d4 cxd4 5. Nxd4 Nc6 6. Nb3 d6 7. Be2 Nf6 8. O-O O-O 9. Bg5 Be6 10. Kh1 Rc8 11. f4 Na5 12. f5 Bc4 13. Bd3 b5 14. Qd2 b4 15. Ne2 Bxd3 16. cxd3 Nxb3 17. axb3 a5 18. fxg6 hxg6 19. Nf4 Qc7 20. Bxf6 Bxf6 21. Nd5 Qc2 22. Qh6 Qxb2 23. Rab1 Qe5 24. Rxf6 exf6 25. d4 Qe6 26. Rf1 Rc3 27. Nxf6+ Qxf6 28. Rxf6 Rxb3 29. h3 a4 30. e5 dxe5 31. dxe5 1-0

[Event "Alberta-ch U20"]
[Site "Calgary CAN"]
[Date "2013.11.09"]
[Round "1"]
[White "Wang, Richard"]
[Black "Wang, Harris"]
[Result "1-0"]
[WhiteElo "2476"]
[BlackElo "1863"]
[PlyCount "139"]
[GameId "2160767909216557"]
[EventDate "2013.11.09"]
[EventType "tourn"]
[EventRounds "5"]
[EventCountry "CAN"]
[SourceTitle "EXT 2022"]
[Source "ChessBase"]
[SourceDate "2021.10.06"]
[SourceVersion "1"]
[SourceVersionDate "2021.10.06"]
[SourceQuality "1"]

1. c4 g6 2. Nc3 Bg7 3. d4 d6 4. g3 e5 5. Nf3 exd4 6. Nxd4 Nf6 7. Bg2 O-O 8. O-O Nbd7 9. b3 a5 10. Bb2 Nc5 11. Qc2 Bd7 12. e3 Qc8 13. Rfe1 Ne6 14. Nxe6 fxe6 15. Rad1 Bc6 16. Bxc6 bxc6 17. Ne4 e5 18. Nxf6+ Bxf6 19. Qe4 c5 20. Bc3 Qf5 21. Qxf5 gxf5 22. e4 Bg5 23. exf5 Rxf5 24. Kg2 a4 25. b4 Raf8 26. Re2 Rf3 27. Be1 cxb4 28. Bxb4 c5 29. Ba5 Be7 30. Bc7 R8f6 31. Rdd2 Kf7 32. Bxd6 Bxd6 33. Rxd6 Rc3 34. Rd7+ Kg6 35. Rd5 Rxc4 36. Rdxe5 a3 37. R5e3 Ra4 38. Rc3 c4 39. Ree3 Rfa6 40. g4 h5 41. Re4 Rc6 42. h3 hxg4 43. hxg4 Rb6 44. Rexc4 Rxc4 45. Rxc4 Rb2 46. Rc6+ Kg7 47. Ra6 Rxa2 48. Kg3 Kf7 49. f3 Ra1 50. Kf4 a2 51. g5 Kg7 52. Ra7+ Kg8 53. Kf5 Rf1 54. Rxa2 Rxf3+ 55. Kg6 Rf8 56. Ra7 Rb8 57. Rg7+ Kh8 58. Re7 Kg8 59. Re6 Ra8 60. Kh6 Ra1 61. Rb6 Ra2 62. Rb8+ Kf7 63. g6+ Kf6 64. Rf8+ Ke7 65. Kg7 Rg2 66. Rf1 Re2 67. Kg8 Ke8 68. g7 Ke7 69. Rh1 Kf6 70. Kh8 1-0

[Event "Alberta-ch U20"]
[Site "Calgary CAN"]
[Date "2013.11.09"]
[Round "2"]
[White "Tolentino, Patrick Angelo"]
[Black "Wang, Richard"]
[Result "0-1"]
[WhiteElo "1466"]
[BlackElo "2476"]
[PlyCount "40"]
[GameId "2160767909216560"]
[EventDate "2013.11.09"]
[EventType "tourn"]
[EventRounds "5"]
[EventCountry "CAN"]
[SourceTitle "EXT 2022"]
[Source "ChessBase"]
[SourceDate "2021.10.06"]
[SourceVersion "1"]
[SourceVersionDate "2021.10.06"]
[SourceQuality "1"]

1. Nf3 c5 2. g3 Nc6 3. Bg2 g6 4. O-O Bg7 5. e4 d6 6. d3 e5 7. Nbd2 Nge7 8. c3 O-O 9. a4 h6 10. Nc4 f5 11. Bd2 Be6 12. Na3 Qd7 13. Qc1 Kh7 14. Nh4 f4 15. gxf4 exf4 16. Bxf4 g5 17. Bxg5 hxg5 18. Qxg5 Bh6 19. Qg3 Bf4 20. Qf3 Bg4 0-1

[Event "Alberta-ch U20"]
[Site "Calgary CAN"]
[Date "2013.11.09"]
[Round "3"]
[White "Wang, Richard"]
[Black "Yao, David"]
[Result "1-0"]
[WhiteElo "2476"]
[BlackElo "1607"]
[PlyCount "65"]
[GameId "2160767909216564"]
[EventDate "2013.11.09"]
[EventType "tourn"]
[EventRounds "5"]
[EventCountry "CAN"]
[SourceTitle "EXT 2022"]
[Source "ChessBase"]
[SourceDate "2021.10.06"]
[SourceVersion "1"]
[SourceVersionDate "2021.10.06"]
[SourceQuality "1"]

1. Nf3 Nf6 2. d4 g6 3. c4 Bg7 4. g3 O-O 5. Bg2 d6 6. O-O c6 7. Nc3 Nbd7 8. b3 Re8 9. Qc2 Qc7 10. Rd1 e5 11. Ba3 e4 12. Ne1 d5 13. cxd5 cxd5 14. Nb5 Qxc2 15. Nxc2 Rd8 16. Nc7 Rb8 17. Be7 Re8 18. Nxe8 Nxe8 19. Ne3 Ndf6 20. f3 Bh6 21. Kf2 Bd7 22. h3 Rc8 23. Rac1 Rb8 24. fxe4 dxe4 25. d5 b5 26. Rd4 a5 27. d6 a4 28. Bxe4 Bg7 29. Bc6 Rc8 30. Bxd7 Rxc1 31. Bxe8 Nxe8 32. d7 Bxd4 33. dxe8=Q+ 1-0

[Event "Alberta-ch U20"]
[Site "Calgary CAN"]
[Date "2013.11.10"]
[Round "4"]
[White "Shi, Diwen"]
[Black "Wang, Richard"]
[Result "1/2-1/2"]
[WhiteElo "2143"]
[BlackElo "2476"]
[PlyCount "26"]
[GameId "2160767909216566"]
[EventDate "2013.11.09"]
[EventType "tourn"]
[EventRounds "5"]
[EventCountry "CAN"]
[SourceTitle "EXT 2022"]
[Source "ChessBase"]
[SourceDate "2021.10.06"]
[SourceVersion "1"]
[SourceVersionDate "2021.10.06"]
[SourceQuality "1"]

1. e4 e6 2. d4 d5 3. Nc3 Bb4 4. exd5 exd5 5. Bd3 c6 6. Nge2 Nf6 7. O-O O-O 8. Bg5 Bg4 9. f3 Bh5 10. Nf4 Bg6 11. Nxg6 hxg6 12. f4 Qb6 13. Bxf6 gxf6 1/2-1/2

[Event "Alberta-ch U20"]
[Site "Calgary CAN"]
[Date "2013.11.10"]
[Round "5"]
[White "Wang, Richard"]
[Black "Miller, David"]
[Result "1-0"]
[WhiteElo "2476"]
[BlackElo "2054"]
[PlyCount "73"]
[GameId "2160767909216570"]
[EventDate "2013.11.09"]
[EventType "tourn"]
[EventRounds "5"]
[EventCountry "CAN"]
[SourceTitle "EXT 2022"]
[Source "ChessBase"]
[SourceDate "2021.10.06"]
[SourceVersion "1"]
[SourceVersionDate "2021.10.06"]
[SourceQuality "1"]

1. d4 Nf6 2. Nf3 d6 3. c4 g6 4. Nc3 Bg7 5. h3 O-O 6. e4 e5 7. d5 a5 8. Bg5 Na6 9. g4 Nc5 10. Nd2 Bd7 11. Be2 c6 12. h4 h6 13. Be3 a4 14. g5 hxg5 15. hxg5 Nh7 16. Rg1 Qa5 17. Qc2 a3 18. b3 cxd5 19. Nxd5 Qd8 20. O-O-O b5 21. Bxc5 dxc5 22. Nf3 b4 23. Rd3 Be6 24. Nf6+ Bxf6 25. Rxd8 Bxd8 26. Qd2 Bc7 27. Qe3 Ra5 28. Nh2 Bd8 29. Nf3 Bc7 30. Ne1 Rd8 31. Qg3 Kg7 32. Nd3 Nf8 33. Qh2 f5 34. gxf6+ Kxf6 35. Qh8+ Ke7 36. Nxe5 Bxe5 37. Qxe5 1-0